| 000 | 01772 a2200241 4500 | ||
|---|---|---|---|
| 003 | UA-OsUOA | ||
| 005 | 20201217131808.0 | ||
| 008 | 201215b un ||||| |||| 00| 0 ukr d | ||
| 020 | _a9789668201936 | ||
| 040 |
_aUA-OsUOA _bukr _cUA-OsUOA _dUA-OsUOA |
||
| 041 | _aukr | ||
| 080 | _a82-94:341.7 | ||
| 090 |
_a82-94:341.7 _bЛ56 |
||
| 100 | _aЛільєгрен Г. | ||
| 245 |
_aВід Таллінна до Туреччини _cГенрік Лільєгрен _bмемуари шведа і дипломата |
||
| 260 |
_bТемпора _c2010 _aКиїв |
||
| 300 | _a352 с. | ||
| 520 | _aМемуари Генріка Лільєґрена, відомого шведського дипломата, присвячені важливим геополітичним процесам другої половини ХХ ст., в яких автор брав безпосередню участь. Географія цієї книжки охоплює Скандинавію, Прибалтику, Грецію, Туреччину, Німеччину та США. Автор ділиться спогадами про свою дипломатичну діяльність, а також розкриває свої погляди на дипломатичну стратегію. Видання розраховане на істориків, політологів, культурологів, фахівців з міжнародних відносин, усіх, хто цікавиться запропонованою тематикою. | ||
| 650 |
_2UDC _a82-94 Мемуари. Спогади |
||
| 942 |
_cBK _2udc |
||
| 955 | _a4 | ||
| 999 |
_c464076 _d464076 |
||